[Event "IECC O email"]
[Site "IECC email"]
[Date "2002.04.03"]
[Round "?"]
[White "Paccione, Patrizio"]
[Black "De Silva, Denice"]
[Result "1/2-1/2"]
[WhiteElo "1035"]
[BlackElo "1000"]
[PlyCount "64"]
[EventDate "2002.??.??"]
[EventType "tourn (corr)"]
[EventRounds "6"]
[SourceTitle "Corr 2008"]
[Source "ChessBase"]
[SourceDate "2008.06.24"]
[SourceVersion "1"]
[SourceVersionDate "2008.06.24"]
[SourceQuality "1"]

1. c4 e5 2. g3 Nf6 3. Bg2 c6 4. d4 exd4 5. Qxd4 d5 6. Nf3 Be7 7. cxd5 cxd5 8. 0-0 Nc6 9. Qa4 0-0 10. Be3 Ng4 11. Bd4 Nxd4 12. Nxd4 Qb6 13. Nc3 Qh6 14. h3 Nf6 15. Nxd5 Nxd5 16. Bxd5 Bxh3 17. Bxb7 Qb6 18. Bxa8 Bxf1 19. Rxf1 Rxa8 20. Qc6 Rb8 21. Qxb6 Rxb6 22. b3 h6 23. Nf5 Ba3 24. Rd1 Rb7 25. e4 Kh7 26. Nd6 Re7 27. f3 f6 28. Rd5 Bb4 29. Nb5 a6 30. a3 Be1 31. Nd4 Re5 32. Rxe5 fxe5 1/2-1/2